[Event "Tournoi francophone 017"]
[Site "Skype"]
[Date "????.??.??"]
[Round "3.34"]
[White "Porcabeuf, Jean-Marc"]
[Black "Cassano, Mariangela"]
[Result "1-0"]
[WhiteElo "1229"]
[BlackElo "1000"]
[PlyCount "57"]

1. d4 d5 2. Nf3 Nf6 3. Bf4 Bf5 4. e3 e6 5. Be2 Be7 6. O-O O-O 7. Nbd2 Nbd7 8.
c4 c6 9. Nb3 b5 10. cxb5 a6 11. bxc6 Rc8 12. cxd7 Qxd7 13. Nc5 Qc6 14. Nxa6 h6
15. Ne5 Qd6 16. Ng4 Nxg4 17. Bxd6 Bxd6 18. Bxg4 Bxg4 19. Qxg4 Ra8 20. Qe2 Rfe8
21. b4 Re7 22. b5 Raa7 23. e4 dxe4 24. Qxe4 f6 25. Qc6 Rad7 26. b6 Ba3 27. Rab1
Rxd4 28. b7 Rd2 29. b8=Q+ 1-0

[Event "Tournoi francophone 017"]
[Site "Skype"]
[Date "????.??.??"]
[Round "3.35"]
[White "Rivalta, Paolo"]
[Black "Dida, Brahim"]
[Result "1-0"]
[WhiteElo "1142"]
[BlackElo "1000"]
[PlyCount "83"]

1. e4 e5 2. Nf3 d6 3. Bc4 Nf6 4. Nc3 Nc6 5. Ng5 Be7 6. Nxf7 Qd7 7. Nxh8 b6 8.
Qf3 Qg4 9. Bb5 Qxf3 10. gxf3 Bb7 11. Bc4 Kd7 12. Nf7 h6 13. d3 Na5 14. Rg1 Nh5
15. Be3 Nxc4 16. dxc4 Rf8 17. Nxh6 gxh6 18. Bxh6 Rxf3 19. Be3 Ba6 20. b3 Nf4
21. Rg3 Rxg3 22. fxg3 Ng2+ 23. Kf2 Nf4 24. gxf4 exf4 25. Bxf4 Bf6 26. Bd2 Bb7
27. Kf3 c6 28. Rg1 d5 29. cxd5 cxd5 30. exd5 Bd4 31. Rg4 Be5 32. h4 a5 33. Ke4
Kd6 34. Bf4 Bc8 35. Bxe5+ Ke7 36. Rg7+ Kf8 37. d6 b5 38. d7 Bxd7 39. Rxd7 b4
40. Nd5 Ke8 41. Nf6+ Kf8 42. Bd6# 1-0

[Event "Tournoi francophone 017"]
[Site "Skype"]
[Date "????.??.??"]
[Round "3.36"]
[White "Montilla Bejarano, Mey"]
[Black "Trapletti, Cosetta"]
[Result "1-0"]
[WhiteElo "1116"]
[BlackElo "1000"]
[PlyCount "49"]

1. d4 d5 2. Nf3 e6 3. Bf4 Bd6 4. Bg3 Nf6 5. h3 Nc6 6. Ne5 Nxe5 7. dxe5 Bb4+ 8.
c3 Bc5 9. exf6 Qxf6 10. e3 e5 11. Qxd5 Qb6 12. Qxe5+ Be6 13. b3 Rd8 14. Qxg7
Rf8 15. Be2 Qc6 16. O-O Bf5 17. Qe5+ Be7 18. Qxf5 Rd5 19. Qc8+ Rd8 20. Qg4 f6
21. Qh5+ Kd7 22. Bb5 Qxb5 23. Qxb5+ Kc8 24. Qa5 a6 25. Qxc7# 1-0

[Event "Tournoi francophone 017"]
[Site "Skype"]
[Date "????.??.??"]
[Round "4.1"]
[White "Sequeda Pimiento, Javier Ricardo"]
[Black "Elias, Roberto"]
[Result "0-1"]
[WhiteElo "1434"]
[BlackElo "1671"]
[PlyCount "48"]

1. e4 d5 2. exd5 Nf6 3. Nc3 Nxd5 4. Nxd5 Qxd5 5. Nf3 Bg4 6. Be2 Nd7 7. O-O e5
8. d3 Bc5 9. c4 Qd6 10. h3 Bf5 11. a3 a5 12. Rb1 O-O 13. b4 axb4 14. axb4 Bxb4
15. Qb3 Bc5 16. Bd2 e4 17. dxe4 Bxe4 18. Rfd1 Bxb1 19. Rxb1 Ne5 20. Be3 Ra3 21.
Bxc5 Rxb3 22. Bxd6 Rxb1+ 23. Kh2 Nxf3+ 24. Bxf3 cxd6 0-1

[Event "Tournoi francophone 017"]
[Site "Skype"]
[Date "????.??.??"]
[Round "4.2"]
[White "Lambert, Pierre"]
[Black "Vasquez Cienfuegos, Oscar"]
[Result "1-0"]
[WhiteElo "1660"]
[BlackElo "1370"]
[PlyCount "33"]

1. e4 c6 2. Nf3 b5 3. d4 d5 4. exd5 Qxd5 5. Nc3 Qd8 6. Be3 Bf5 7. Bd3 Bxd3 8.
Qxd3 Nf6 9. h3 e6 10. O-O a6 11. Rfe1 Be7 12. Ne5 Qc7 13. Bf4 Bd6 14. Qf3 O-O
15. Rad1 Nfd7 16. Qg3 Kh8 17. Ng6+ 1-0

[Event "Tournoi francophone 017"]
[Site "Skype"]
[Date "????.??.??"]
[Round "4.3"]
[White "Megelas, Florent"]
[Black "Khabou, Taha"]
[Result "1-0"]
[WhiteElo "1496"]
[BlackElo "1358"]
[PlyCount "43"]

1. e4 e6 2. d4 d5 3. exd5 exd5 4. Bd3 Nf6 5. Ne2 Bd6 6. h3 O-O 7. O-O Be6 8. c3
c6 9. Nd2 Nbd7 10. Qc2 h6 11. Nf3 Qc7 12. Ng3 Bxg3 13. fxg3 Qxg3 14. Bd2 Bxh3
15. Be1 Qg4 16. Nh2 Qg5 17. Nf3 Qg4 18. Nh2 Qxg2+ 19. Qxg2 Bxg2 20. Kxg2 Rfe8
21. Bd2 Re2+ 22. Bxe2 1-0

[Event "Tournoi francophone 017"]
[Site "Skype"]
[Date "????.??.??"]
[Round "4.4"]
[White "Castillo, David"]
[Black "Ambrosino, Theo"]
[Result "0-1"]
[WhiteElo "1381"]
[BlackElo "1755"]
[PlyCount "84"]

1. d4 d5 2. Nf3 Nf6 3. Nbd2 e6 4. c3 c5 5. e3 Nc6 6. Bd3 Bd6 7. dxc5 Bxc5 8.
Nb3 Bd6 9. Nbd4 e5 10. Nxc6 bxc6 11. Be2 c5 12. h3 h6 13. Bb5+ Bd7 14. Bxd7+
Qxd7 15. Qe2 O-O 16. O-O e4 17. Nd2 Nh7 18. f4 exf3 19. Nxf3 f5 20. Bd2 Rae8
21. Qd3 Kh8 22. Qxd5 Bh2+ 23. Nxh2 Qxd5 24. Rad1 Ng5 25. b3 Qe4 26. Bc1 Qc2 27.
Rd2 Qxc3 28. Rd5 c4 29. bxc4 Qxc4 30. Ra5 Ne4 31. Ba3 Rf7 32. Raxf5 Rxf5 33.
Rxf5 Qxa2 34. Bc1 Qb1 35. Rf1 Ng3 36. Re1 Ne2+ 37. Rxe2 Qxc1+ 38. Kf2 a5 39.
Nf3 a4 40. Re1 Qc3 41. Nd4 a3 42. Nb5 Rf8+ 0-1

[Event "Tournoi francophone 017"]
[Site "Skype"]
[Date "????.??.??"]
[Round "4.5"]
[White "Pouteau, Pascal"]
[Black "Gerbaux, Regis"]
[Result "1-0"]
[WhiteElo "1349"]
[BlackElo "1075"]
[PlyCount "37"]

1. d4 d5 2. Nc3 Nf6 3. Bg5 e6 4. e4 Bb4 5. e5 Be7 6. exf6 Bxf6 7. Bxf6 Qxf6 8.
Nf3 O-O 9. Bd3 Nc6 10. O-O e5 11. dxe5 Nxe5 12. Nxe5 Qxe5 13. Re1 Qg5 14. Re3
Bg4 15. Qe1 d4 16. b4 f6 17. Ne4 Qe5 18. Rg3 Rae8 19. Rxg4 1-0

[Event "Tournoi francophone 017"]
[Site "Skype"]
[Date "????.??.??"]
[Round "4.6"]
[White "Moumtaz, Abderrahim"]
[Black "Deville, Olivier"]
[Result "0-1"]
[WhiteElo "1213"]
[BlackElo "1767"]
[PlyCount "44"]

1. d4 Nf6 2. c4 e6 3. Nc3 Bb4 4. Bd2 b6 5. a3 Bxc3 6. Bxc3 Bb7 7. Nf3 O-O 8. e3
Ne4 9. Qc2 d6 10. Be2 Nd7 11. O-O f5 12. Rad1 Ndf6 13. Bb4 Qe8 14. Bd3 Qg6 15.
Qe2 Rae8 16. Nh4 Qh6 17. Bxe4 fxe4 18. g3 g5 19. Ng2 Qh3 20. f3 exf3 21. Qxf3
Bxf3 22. Rxf3 Ng4 0-1

[Event "Tournoi francophone 017"]
[Site "Skype"]
[Date "????.??.??"]
[Round "4.7"]
[White "Briere, Jean"]
[Black "Rodier, Marc"]
[Result "0-1"]
[WhiteElo "1237"]
[BlackElo "1566"]
[PlyCount "50"]

1. e4 c5 2. Nf3 d6 3. d4 cxd4 4. Nxd4 Nf6 5. Nc3 a6 6. Bc4 e6 7. Bg5 Be7 8. O-O
Qc7 9. Bb3 Bd7 10. Re1 Nc6 11. Nxc6 Bxc6 12. Bxf6 Bxf6 13. Rb1 O-O 14. Re3 b5
15. a3 a5 16. Qf3 b4 17. axb4 axb4 18. Ne2 Bxb2 19. c3 Ba3 20. Nd4 Rfb8 21.
Nxc6 Qxc6 22. cxb4 Bxb4 23. Qd1 Bc5 24. Re2 Rb4 25. Kh1 Rxe4 0-1

[Event "Tournoi francophone 017"]
[Site "Skype"]
[Date "????.??.??"]
[Round "4.11"]
[White "Marino, Giuseppe"]
[Black "Ortis, Yves"]
[Result "1-0"]
[WhiteElo "1339"]
[BlackElo "1148"]
[PlyCount "109"]

1. d4 d5 2. Nf3 Nc6 3. e3 e6 4. Bd3 g6 5. O-O Bg7 6. c3 Nf6 7. Nbd2 O-O 8. e4
dxe4 9. Nxe4 Nxe4 10. Bxe4 f6 11. Bf4 Bd7 12. Qd2 Ne7 13. Bxb7 Rb8 14. Be4 Bc6
15. Bxc6 Nxc6 16. Rab1 Qd5 17. a3 Rbc8 18. Bh6 g5 19. Bxg7 Kxg7 20. Rfe1 Rce8
21. h3 Na5 22. Qd3 Nc4 23. Qc2 c5 24. dxc5 Qxc5 25. Rbd1 Qc6 26. Nd4 Qc8 27.
Nb5 Qc5 28. Rd7+ Re7 29. Rxe7+ Qxe7 30. Nd4 Ne5 31. c4 Rd8 32. Rd1 Rc8 33. b3
a5 34. a4 Qe8 35. Nb5 Qh5 36. Nd6 Rb8 37. Nb5 g4 38. Qe2 Kg6 39. Nd4 Rd8 40.
Nxe6 Nf3+ 41. Kh1 Rxd1+ 42. Qxd1 Qe5 43. gxf3 Qxe6 44. hxg4 Qe8 45. Kg2 Kg5 46.
Qd5+ Kh4 47. Qxa5 f5 48. Qxf5 Qg6 49. Qh5+ Qxh5 50. gxh5 Kxh5 51. a5 Kg5 52. a6
h5 53. a7 Kf4 54. a8=Q h4 55. b4 1-0

[Event "Tournoi francophone 017"]
[Site "Skype"]
[Date "????.??.??"]
[Round "4.12"]
[White "Yepez, German"]
[Black "Duthoit, Bernard"]
[Result "0-1"]
[WhiteElo "1181"]
[BlackElo "1333"]
[PlyCount "84"]

1. e4 e6 2. Nf3 d5 3. e5 c5 4. d4 Nc6 5. c3 cxd4 6. cxd4 Bb4+ 7. Nc3 Nge7 8. a3
Ba5 9. Bd3 Nf5 10. Bxf5 exf5 11. O-O O-O 12. Ne1 Bc7 13. f4 a6 14. Be3 b5 15.
Rf3 Be6 16. Rg3 f6 17. Qh5 fxe5 18. fxe5 f4 19. Rxg7+ Kxg7 20. Bf2 Qe8 21. Qf3
Nxd4 22. Bxd4 Qg6 23. Qe2 f3 24. Nxf3 Bg4 25. Nh4 Qg5 26. e6+ Kg8 27. Qe1 Rf4
28. Bf2 Bf3 29. g3 Rxh4 30. e7 Re8 31. Qe6+ Kh8 32. Qf7 Qxe7 33. Qxe7 Rxe7 34.
gxh4 Rg7+ 35. Kf1 Bxh2 36. Bd4 Bg3 37. Bxg7+ Kxg7 38. Rc1 Bxh4 39. Nd1 Bf6 40.
Rc7+ Kg6 41. Nf2 Bxb2 42. Rc3 Bxc3 0-1

[Event "Tournoi francophone 017"]
[Site "Skype"]
[Date "????.??.??"]
[Round "4.13"]
[White "Abate, Luigi"]
[Black "Le Brun, Yves"]
[Result "1-0"]
[WhiteElo "1119"]
[BlackElo "1321"]
[PlyCount "111"]

1. e4 c6 2. Bc4 d5 3. exd5 cxd5 4. Bb3 Nf6 5. Nf3 Bg4 6. h3 Bh5 7. O-O e6 8. d4
Be7 9. Bg5 Nbd7 10. Nbd2 O-O 11. a3 h6 12. Bh4 Ne4 13. Bxe7 Qxe7 14. c4 Nxd2
15. Qxd2 Bxf3 16. gxf3 b6 17. Rfe1 Qh4 18. Kh2 Nf6 19. Rg1 Kh8 20. Rg3 Rac8 21.
cxd5 Nxd5 22. Bxd5 exd5 23. Rag1 Rg8 24. Rg4 Qf6 25. Qf4 Qxf4+ 26. Rxf4 Rc7 27.
Rgg4 Kh7 28. Rf5 Rd7 29. Re5 f6 30. Re6 Rf8 31. f4 g6 32. f5 g5 33. f4 h5 34.
Rg2 Rff7 35. fxg5 fxg5 36. Rxg5 Rg7 37. Rxh5+ Kg8 38. f6 Rg6 39. Re8+ Kf7 40.
Re7+ Rxe7 41. fxe7 Kxe7 42. Rxd5 Ke6 43. Rd8 Rg7 44. d5+ Ke7 45. Ra8 Kd6 46.
Rd8+ Kc7 47. Rf8 Rd7 48. Rf5 Kd6 49. h4 Re7 50. h5 Re2+ 51. Kh3 Rxb2 52. h6
Rb3+ 53. Kh4 Re3 54. Rg5 Re8 55. Kh5 Rf8 56. h7 1-0

[Event "Tournoi francophone 017"]
[Site "Skype"]
[Date "????.??.??"]
[Round "4.14"]
[White "Hargez, Dany"]
[Black "Guillaume, Mickael"]
[Result "0-1"]
[WhiteElo "1296"]
[BlackElo "1106"]
[PlyCount "90"]

1. e4 e5 2. Nf3 Nf6 3. Nxe5 Qe7 4. d4 d6 5. Nf3 Nxe4 6. Be2 g6 7. O-O Bg7 8.
Nc3 O-O 9. Nd5 Qd8 10. Bf4 Bf5 11. Bd3 Re8 12. Ne3 Qf6 13. Bxe4 Bxe4 14. Bg5
Bxf3 15. Bxf6 Bxd1 16. Bxg7 Bxc2 17. Nxc2 Kxg7 18. d5 Nd7 19. f4 Re2 20. Rf2
Rae8 21. Re1 Rxe1+ 22. Nxe1 Rxe1+ 23. Rf1 Rxf1+ 24. Kxf1 Nf6 25. h4 Nxd5 26. g3
Nb4 27. a3 Nd3 28. b4 c5 29. b5 c4 30. Ke2 Kf6 31. Kd2 Ke6 32. Kc3 d5 33. Kd4
b6 34. Ke3 h5 35. Kd4 f6 36. Ke3 Kd6 37. Kd4 Nb2 38. Kc3 Na4+ 39. Kb4 Nc5 40.
Kc3 Ne4+ 41. Kb4 Nxg3 42. a4 Ne2 43. a5 Nxf4 44. axb6 axb6 45. Kc3 Kc5 0-1

[Event "Tournoi francophone 017"]
[Site "Skype"]
[Date "????.??.??"]
[Round "4.15"]
[White "Bucherie, Volcy"]
[Black "Hampton, Irene"]
[Result "1-0"]
[WhiteElo "1274"]
[BlackElo "1026"]
[PlyCount "53"]

1. d4 d5 2. c4 c6 3. cxd5 cxd5 4. Nc3 Nf6 5. Nf3 e6 6. e3 Bd6 7. g3 Bd7 8. Bg2
Bc6 9. O-O Qc7 10. Ne5 Bxe5 11. dxe5 Nfd7 12. e4 Nxe5 13. exd5 exd5 14. Nxd5
Qe7 15. Nxe7 Kxe7 16. Bg5+ f6 17. f4 Rd8 18. Qh5 Rd2 19. Bxc6 Nbxc6 20. fxe5
Nxe5 21. Bxd2 Rf8 22. Qxh7 Kf7 23. Rac1 Nc6 24. Bh6 Rg8 25. Rcd1 Nd8 26. Rxd8
Rxd8 27. Qxg7+ 1-0

[Event "Tournoi francophone 017"]
[Site "Skype"]
[Date "????.??.??"]
[Round "4.16"]
[White "Lognos, Lina"]
[Black "L'Herbon De Lussats, Jean"]
[Result "1-0"]
[WhiteElo "1023"]
[BlackElo "1245"]
[PlyCount "137"]

1. d4 Nf6 2. Bf4 g6 3. Nf3 Bg7 4. h3 b6 5. e3 e6 6. c4 Bb7 7. Nbd2 O-O 8. Bd3
d6 9. Qc2 c5 10. O-O d5 11. Rfe1 cxd4 12. e4 Nh5 13. Bh2 dxc4 14. Nxc4 Nd7 15.
Nd6 Rb8 16. Nxb7 Rxb7 17. Rac1 e5 18. Qc6 Qb8 19. Ba6 Nc5 20. Bxb7 Nd3 21. Qc8
Qxc8 22. Rxc8 Nxe1 23. Rxf8+ Kxf8 24. Nxe1 Nf4 25. Bxf4 exf4 26. Nd3 g5 27. f3
a5 28. a4 Ke7 29. Ba6 Kd6 30. Bc4 f6 31. Kf1 h5 32. Bb5 h4 33. Ke2 Ke6 34. Bc4+
Kd6 35. b3 Bf8 36. Nb2 Ke5 37. Nd3+ Kd6 38. Nf2 Be7 39. Kd3 Kc5 40. Ng4 Bd8 41.
Nh6 Bc7 42. Nf5 Be5 43. Bb5 g4 44. Nxh4 gxh3 45. gxh3 Kb4 46. Kc2 Bd6 47. Ng6
Bc5 48. h4 Bf8 49. Nxf8 Kc5 50. Nd7+ Kd6 51. Nxf6 Ke5 52. Ng4+ Kd6 53. h5 Ke6
54. h6 Kf7 55. Kd3 Kg6 56. Kxd4 Kh7 57. Kd5 Kg6 58. Kd6 Kh7 59. Kd7 Kg6 60. e5
Kh7 61. e6 Kg6 62. Bd3+ Kg5 63. e7 Kh4 64. e8=Q Kg3 65. Qe2 Kh4 66. h7 Kg5 67.
Ke6 b5 68. Qh2 bxa4 69. Qh6# 1-0

[Event "Tournoi francophone 017"]
[Site "Skype"]
[Date "????.??.??"]
[Round "4.18"]
[White "Tolaro, Filippa"]
[Black "Vincent, Andre"]
[Result "0-1"]
[WhiteElo "1114"]
[BlackElo "1332"]
[PlyCount "136"]

1. Nf3 Nf6 2. d4 d5 3. b3 e6 4. Bb2 Be7 5. e3 Nbd7 6. Bd3 O-O 7. Nbd2 c5 8. c4
b6 9. O-O Bb7 10. Ne5 Qc7 11. f4 cxd4 12. Bxd4 Bc5 13. Nxd7 Nxd7 14. Nf3 f6 15.
Qc2 h6 16. a3 a5 17. b4 axb4 18. axb4 Bxb4 19. Qb3 Bc5 20. Bc2 dxc4 21. Qxc4
Bd5 22. Qd3 f5 23. Be5 Bd6 24. Bxd6 Qxd6 25. Nd4 Be4 26. Qc3 Rfc8 27. Rxa8 Rxa8
28. Bxe4 fxe4 29. Nb5 Qc5 30. Qxc5 Nxc5 31. g4 Ra2 32. Nc3 Rc2 33. Nd1 Rc1 34.
Kg2 Nd3 35. Nf2 Rxf1 36. Kxf1 Nxf2 37. Kxf2 Kf7 38. Ke2 Ke7 39. Kd2 Kd6 40. Kc3
Kc5 41. h4 g6 42. g5 h5 43. Kb3 b5 44. Kc3 b4+ 45. Kb3 Kb5 46. Kb2 Kc4 47. Kc2
b3+ 48. Kb2 Kd3 49. Kxb3 Kxe3 50. Kc2 Ke2 51. Kc3 e3 52. Kd4 Kd2 53. Ke5 e2 54.
Kf6 e1=Q 55. Kxg6 Qxh4 56. f5 exf5 57. Kxf5 Qg4+ 58. Kf6 Ke3 59. g6 Qf4+ 60.
Ke7 Qg5+ 61. Kf7 Qd5+ 62. Kf6 Qg8 63. g7 h4 64. Kg5 h3 65. Kg4 h2 66. Kg3 h1=Q
67. Kg4 Qxg7+ 68. Kf5 Qe4# 0-1

[Event "Tournoi francophone 017"]
[Site "Skype"]
[Date "????.??.??"]
[Round "4.19"]
[White "Salvi, Angele"]
[Black "Prieto, Jairo Ovidio"]
[Result "1-0"]
[WhiteElo "1000"]
[BlackElo "1277"]
[PlyCount "107"]

1. e4 e5 2. Nf3 d6 3. d4 Nf6 4. Nc3 c6 5. Be2 Bg4 6. dxe5 Bxf3 7. Bxf3 dxe5 8.
Qxd8+ Kxd8 9. Be3 Bb4 10. O-O-O+ Nbd7 11. Ne2 Kc7 12. Ng3 Bc5 13. Nf5 g6 14.
Nh6 Bxe3+ 15. fxe3 Rhe8 16. Ng4 Nxg4 17. Bxg4 Nf6 18. Bf3 Rad8 19. g4 g5 20. h4
h6 21. hxg5 hxg5 22. Rh6 Rxd1+ 23. Kxd1 Rd8+ 24. Ke2 Rd6 25. Rh1 a5 26. Rg1 c5
27. Bh1 b5 28. Rf1 Nxg4 29. Rxf7+ Rd7 30. Rf5 Rh7 31. Rxg5 Rxh1 32. Rxg4 Rh2+
33. Kd3 c4+ 34. Kc3 Re2 35. Rg7+ Kc6 36. Rg6+ Kc5 37. b3 Rxe3+ 38. Kd2 Rxe4 39.
Ra6 cxb3 40. axb3 a4 41. Kd3 Rd4+ 42. Kc3 axb3 43. Kxb3 Rb4+ 44. Kc3 Rd4 45.
Ra8 Rc4+ 46. Kb3 Rb4+ 47. Kc3 Rc4+ 48. Kb3 e4 49. Re8 Kd4 50. Rd8+ Ke3 51. Rd5
Ke2 52. Rxb5 Rc6 53. c4 e3 54. Kc3 1-0

[Event "Tournoi francophone 017"]
[Site "Skype"]
[Date "????.??.??"]
[Round "4.20"]
[White "Ruiz Aguilera, Juan Jesus"]
[Black "Vervoort, Jean-Louis"]
[Result "0-1"]
[WhiteElo "1102"]
[BlackElo "1273"]
[PlyCount "44"]

1. e4 e5 2. Nf3 Nc6 3. d4 exd4 4. Nxd4 Bc5 5. Be3 Nxd4 6. Bxd4 Qg5 7. Nc3 d6 8.
h4 Qg6 9. Qd3 b6 10. Nd5 Rb8 11. Nxc7+ Kd7 12. Nd5 Bb7 13. Nf4 Qg4 14. Be2 Qxf4
15. Bxg7 Bxe4 16. g3 Qxf2+ 17. Kd2 Bxd3 18. Kxd3 Qe3+ 19. Kc4 Qxe2+ 20. Kb3
Qb5+ 21. Kc3 Qb4+ 22. Kd3 Re8 0-1

[Event "Tournoi francophone 017"]
[Site "Skype"]
[Date "????.??.??"]
[Round "4.21"]
[White "Le Bouill, Pierre"]
[Black "Rodriguez, Nathalie"]
[Result "0-1"]
[WhiteElo "1260"]
[BlackElo "1127"]
[PlyCount "98"]

1. Nf3 d5 2. d4 Nf6 3. e3 e6 4. Be2 c5 5. c3 Nc6 6. b3 cxd4 7. exd4 Be7 8. Bb2
h6 9. h3 Ne4 10. O-O O-O 11. Nbd2 Nxd2 12. Nxd2 f5 13. f4 Bd7 14. Nf3 Rb8 15.
c4 dxc4 16. Bxc4 b5 17. Be2 Bd6 18. Ne5 Nxe5 19. fxe5 Be7 20. Rc1 a6 21. Bd3
Rc8 22. Qd2 Bg5 23. Rxc8 Bxd2 24. Rxd8 Rxd8 25. Rd1 Be3+ 26. Kf1 Bc6 27. Re1
Bxd4 28. Bxd4 Rxd4 29. Be2 Rd2 30. Rc1 Bxg2+ 31. Kxg2 Rxe2+ 32. Kf1 Rxa2 33.
Rc6 Kf7 34. Rc7+ Kg6 35. Rc6 Kg5 36. Rxe6 g6 37. Rb6 f4 38. e6 Rc2 39. Rxa6 Rc7
40. Ra5 Re7 41. Rxb5+ Kf6 42. Rb4 g5 43. Rc4 Rxe6 44. b4 Re3 45. Rc6+ Kf5 46.
Rxh6 Rb3 47. Rb6 Ke4 48. Rg6 Kf3 49. Rxg5 Rb1# 0-1

[Event "Tournoi francophone 017"]
[Site "Skype"]
[Date "????.??.??"]
[Round "4.23"]
[White "Milanese, Serge"]
[Black "Gadow, Martin"]
[Result "1-0"]
[WhiteElo "1202"]
[BlackElo "1485"]
[PlyCount "113"]

1. d4 Nf6 2. Bf4 e6 3. e3 d5 4. Nd2 Bd6 5. Bg3 O-O 6. Be2 c5 7. c3 Nc6 8. Ngf3
b6 9. Ne5 Qc7 10. O-O Ne7 11. Bf3 Nf5 12. Bf4 Bb7 13. Bg5 Bxe5 14. dxe5 Ne4 15.
Bxe4 dxe4 16. Qg4 Qxe5 17. Bf4 Qf6 18. Nc4 Qh4 19. Qxh4 Nxh4 20. Nd6 Bc6 21. c4
Ng6 22. Bg3 f5 23. Rae1 a6 24. h4 Rad8 25. h5 Nh8 26. Re2 g5 27. hxg6 Nxg6 28.
Kh2 f4 29. Bxf4 Nxf4 30. exf4 Rxd6 31. Kg3 Rxf4 32. Kxf4 Rd4 33. b3 b5 34. Ke5
bxc4 35. b4 Rd5+ 36. Kxe6 cxb4 37. Rb1 Rb5 38. Rd2 Kg7 39. Rd6 Rb6 40. Ke5 Rb5+
41. Kd4 Be8 42. Rxa6 c3 43. Kc4 Rb7 44. Kb3 Bf7+ 45. Kc2 e3 46. fxe3 Bg6+ 47.
Kc1 Bxb1 48. Kxb1 b3 49. axb3 Rxb3+ 50. Kc2 Rb2+ 51. Kxc3 Rxg2 52. Kd4 h5 53.
Ke4 h4 54. Ra1 h3 55. Rh1 h2 56. Kf3 Kf6 57. Kxg2 1-0

[Event "Tournoi francophone 017"]
[Site "Skype"]
[Date "????.??.??"]
[Round "4.24"]
[White "Hurtado De Mendoza, Ramon Miguel"]
[Black "Montilla Bejarano, Mey"]
[Result "1-0"]
[WhiteElo "1436"]
[BlackElo "1116"]
[PlyCount "51"]

1. d4 d5 2. e3 c5 3. Nf3 e6 4. b3 b6 5. Bd3 Nf6 6. Nbd2 Bb7 7. O-O Bd6 8. Ne5
Qc7 9. Bb2 a6 10. f4 Nbd7 11. Qe2 h6 12. Rac1 g5 13. Nxd7 Kxd7 14. dxc5 Bxc5
15. Bxf6 Rhg8 16. Bh7 gxf4 17. Bxg8 Rxg8 18. Bd4 Bd6 19. exf4 Bxf4 20. Rxf4
Qxf4 21. c3 h5 22. Rf1 Qd6 23. Rxf7+ Kc8 24. b4 Rg4 25. Be5 Qc5+ 26. bxc5 1-0

[Event "Tournoi francophone 017"]
[Site "Skype"]
[Date "????.??.??"]
[Round "4.25"]
[White "Codina, Teresa"]
[Black "De Coninck, Philippe"]
[Result "0-1"]
[WhiteElo "1310"]
[BlackElo "1173"]
[PlyCount "50"]

1. d4 e5 2. dxe5 Nc6 3. Nf3 Qe7 4. Nc3 Nxe5 5. Nd5 Nxf3+ 6. gxf3 Qd8 7. e4 Bc5
8. Be3 Bxe3 9. Nxe3 d6 10. Bg2 Nf6 11. O-O Nh5 12. Re1 Nf4 13. Bf1 Qg5+ 14. Kh1
Bh3 15. Ng4 h5 16. Bxh3 Nxh3 17. Qd5 hxg4 18. Qxg5 Nxg5 19. Rg1 Nxf3 20. Rg2
Rh3 21. Rd1 O-O-O 22. Rd3 Rdh8 23. Rxf3 gxf3 24. Rxg7 Rxh2+ 25. Kg1 Rh1# 0-1

[Event "Tournoi francophone 017"]
[Site "Skype"]
[Date "????.??.??"]
[Round "4.27"]
[White "Yepes Bermudez, Maribel"]
[Black "Rivalta, Paolo"]
[Result "0-1"]
[WhiteElo "1287"]
[BlackElo "1142"]
[PlyCount "76"]

1. e4 e5 2. Nf3 Nc6 3. Bb5 Nge7 4. c3 a6 5. Ba4 b5 6. Bb3 Bb7 7. d3 d6 8. O-O
Ng6 9. g3 Be7 10. Re1 O-O 11. Nbd2 Qd7 12. Nf1 a5 13. Ne3 a4 14. Bd5 Rab8 15.
Nf5 b4 16. Nxe7+ Ngxe7 17. Kg2 Nxd5 18. exd5 Ne7 19. c4 Ra8 20. Bd2 c5 21. Nh4
Nf5 22. Nxf5 Qxf5 23. Qc2 Bc8 24. Re4 Qh3+ 25. Kg1 Bg4 26. Re3 f5 27. f3 f4 28.
gxf4 Bxf3 29. Rxf3 Qxf3 30. Rf1 Qg4+ 31. Kh1 exf4 32. Bc1 f3 33. Rg1 Qh3 34.
Qf2 Rae8 35. Rg3 Re2 36. Rxh3 Rxf2 37. Kg1 Rg2+ 38. Kf1 f2 0-1

[Event "Tournoi francophone 017"]
[Site "Skype"]
[Date "????.??.??"]
[Round "4.28"]
[White "Gagnon, Sindy"]
[Black "Roman, Sylvian"]
[Result "0-1"]
[WhiteElo "1000"]
[BlackElo "1284"]
[PlyCount "40"]

1. e4 e5 2. Nc3 Nf6 3. d3 Nc6 4. Be3 d6 5. Nge2 Ng4 6. Qd2 Nxe3 7. Qxe3 Be7 8.
d4 exd4 9. Nxd4 Bg5 10. Qd3 Nxd4 11. Qxd4 Bf6 12. e5 Bxe5 13. Qd3 O-O 14. g3
Qf6 15. h4 Bxc3+ 16. bxc3 Bf5 17. Qe2 Qxc3+ 18. Kd1 Qxa1+ 19. Kd2 Rae8 20. Qf3
Qe1# 0-1

[Event "Tournoi francophone 017"]
[Site "Skype"]
[Date "????.??.??"]
[Round "4.30"]
[White "Blanchard, Colette"]
[Black "Porcabeuf, Jean-Marc"]
[Result "1-0"]
[WhiteElo "1000"]
[BlackElo "1229"]
[PlyCount "77"]

1. d4 d5 2. c4 c6 3. Nc3 Bf5 4. Nf3 e6 5. Bf4 a6 6. e3 Bd6 7. Bxd6 Qxd6 8. c5
Qd8 9. Be2 Nh6 10. h3 Nd7 11. Qd2 O-O 12. Bd3 b5 13. Bxf5 Nxf5 14. O-O Re8 15.
e4 dxe4 16. Nxe4 e5 17. Qc3 exd4 18. Qd3 Ne5 19. Nxe5 Rxe5 20. Rae1 Qc7 21. b4
Rd8 22. Qb3 Nh4 23. g3 Ng6 24. Re2 d3 25. Re3 d2 26. Rd1 Qc8 27. g4 Rg5 28.
Nxg5 Nh4 29. Qc2 h6 30. Nf3 Ng6 31. Rxd2 Rxd2 32. Qxd2 Nf4 33. Kh2 h5 34. Re4
hxg4 35. Qxf4 gxf3 36. Qxf3 Qc7+ 37. Kg2 Qd8 38. Qh5 a5 39. Rh4 1-0

[Event "Tournoi francophone 017"]
[Site "Skype"]
[Date "????.??.??"]
[Round "4.31"]
[White "Malbec, Robert"]
[Black "Schnell, Nicolas"]
[Result "0-1"]
[WhiteElo "1223"]
[BlackElo "1000"]
[PlyCount "40"]

1. e4 e5 2. Nf3 Nc6 3. Bc4 Bc5 4. c3 Nf6 5. d4 Bd6 6. Bg5 Be7 7. d5 Na5 8. Bd3
b6 9. Nxe5 O-O 10. O-O d6 11. Nf3 Nb7 12. h3 Nc5 13. Re1 Nh5 14. Bxe7 Qxe7 15.
e5 Bxh3 16. exd6 Qxd6 17. Re5 Nf4 18. Bf1 Nxg2 19. Bxg2 Qg6 20. Qd2 Qxg2# 0-1

[Event "Tournoi francophone 017"]
[Site "Skype"]
[Date "????.??.??"]
[Round "4.32"]
[White "De Fazio, Monica"]
[Black "Scata, Laura"]
[Result "0-1"]
[WhiteElo "1153"]
[BlackElo "1366"]
[PlyCount "58"]

1. d4 Nf6 2. c4 d5 3. Nc3 c6 4. Nf3 Bf5 5. Bg5 Nbd7 6. e3 Qb6 7. b3 e6 8. Bd3
Bb4 9. Bxf5 Bxc3+ 10. Nd2 Bxd2+ 11. Qxd2 exf5 12. Bxf6 Nxf6 13. O-O O-O 14. Qc2
g6 15. f3 Rfe8 16. Rae1 Re7 17. h3 Rae8 18. Qf2 f4 19. Qh4 Nh5 20. g4 Ng3 21.
Rf2 fxe3 22. Rg2 e2 23. Qxg3 Qxd4+ 24. Rf2 Qd2 25. Rg2 Qxa2 26. f4 Re3 27. Qh4
Qxb3 28. f5 Rxh3 29. Qg5 Qe3+ 0-1

[Event "Tournoi francophone 017"]
[Site "Skype"]
[Date "????.??.??"]
[Round "4.34"]
[White "Cassano, Mariangela"]
[Black "Sauvaget, Joel"]
[Result "0-1"]
[WhiteElo "1000"]
[BlackElo "1290"]
[PlyCount "56"]

1. e4 e5 2. Nf3 Nc6 3. d3 d6 4. c4 Nf6 5. Be2 Be7 6. Nc3 Bd7 7. O-O O-O 8. b3
h6 9. Be3 a6 10. Nd5 Nxd5 11. cxd5 Na7 12. Rc1 c6 13. Nd2 c5 14. Nc4 Nc8 15.
Qd2 b6 16. Bf3 a5 17. d4 exd4 18. Bxd4 cxd4 19. Qxd4 Bf6 20. Qd3 Re8 21. Rfe1
Bb5 22. Nxb6 Bxd3 23. Be2 Nxb6 24. Bxd3 Rc8 25. Ba6 Rxc1 26. Rxc1 Rxe4 27. f3
Re8 28. Bb5 Re7 0-1

[Event "Tournoi francophone 017"]
[Site "Skype"]
[Date "????.??.??"]
[Round "4.35"]
[White "Dib, Catherine"]
[Black "Dida, Brahim"]
[Result "1-0"]
[WhiteElo "1096"]
[BlackElo "1000"]
[PlyCount "81"]

1. d4 d5 2. Nf3 Nf6 3. Bf4 e6 4. e3 Nc6 5. a3 Be7 6. Be2 O-O 7. O-O h6 8. Nc3
Na5 9. Nb5 c5 10. c3 cxd4 11. cxd4 a6 12. Nc3 Bd7 13. Qc2 Rc8 14. b4 Nc6 15.
Rfd1 Ng4 16. Qb2 a5 17. b5 Bf6 18. bxc6 Bxc6 19. h3 Nxf2 20. Kxf2 Re8 21. Rab1
g5 22. Bg3 Re7 23. Nb5 h5 24. Nd6 Rcc7 25. Bb5 Bxb5 26. Qxb5 h4 27. Be5 Bxe5
28. dxe5 g4 29. hxg4 Red7 30. Qxa5 f5 31. gxf5 exf5 32. Qxd5+ Kg7 33. Qe6 Re7
34. Qxf5 Rc5 35. Qf6+ Kh7 36. Qxh4+ Kg6 37. Qg5+ Kh7 38. Nf7 Rxf7 39. Qxd8 Rxe5
40. Ke2 Ref5 41. Qh4+ 1-0